<?xml version="1.0" encoding="UTF-8"?>
<marc:record xmlns:marc="http://www.loc.gov/MARC21/slim" type="Bibliographic">
   <marc:leader>00000pam a2200000 c 4500</marc:leader>
   <marc:controlfield tag="001">1139208306</marc:controlfield>
   <marc:controlfield tag="003">DE-101</marc:controlfield>
   <marc:controlfield tag="005">20180117223130.0</marc:controlfield>
   <marc:controlfield tag="007">tu</marc:controlfield>
   <marc:controlfield tag="008">170904s2017    gw ||||| |||| 00||||ger  </marc:controlfield>
   <marc:datafield ind1=" " ind2=" " tag="015">
      <marc:subfield code="a">18,A04</marc:subfield>
      <marc:subfield code="z">17,N37</marc:subfield>
      <marc:subfield code="2">dnb</marc:subfield>
   </marc:datafield>
   <marc:datafield ind1="7" ind2=" " tag="016">
      <marc:subfield code="2">DE-101</marc:subfield>
      <marc:subfield code="a">1139208306</marc:subfield>
   </marc:datafield>
   <marc:datafield ind1=" " ind2=" " tag="020">
      <marc:subfield code="a">9783860592465</marc:subfield>
      <marc:subfield code="c">Broschur (Preis in Vorbereitung)</marc:subfield>
      <marc:subfield code="9">978-3-86059-246-5</marc:subfield>
   </marc:datafield>
   <marc:datafield ind1=" " ind2=" " tag="020">
      <marc:subfield code="a">3860592467</marc:subfield>
      <marc:subfield code="9">3-86059-246-7</marc:subfield>
   </marc:datafield>
   <marc:datafield ind1="3" ind2=" " tag="024">
      <marc:subfield code="a">9783860592465</marc:subfield>
   </marc:datafield>
   <marc:datafield ind1=" " ind2=" " tag="035">
      <marc:subfield code="a">(DE-599)DNB1139208306</marc:subfield>
   </marc:datafield>
   <marc:datafield ind1=" " ind2=" " tag="035">
      <marc:subfield code="a">(OCoLC)1003863909</marc:subfield>
   </marc:datafield>
   <marc:datafield ind1=" " ind2=" " tag="040">
      <marc:subfield code="a">1245</marc:subfield>
      <marc:subfield code="b">ger</marc:subfield>
      <marc:subfield code="c">DE-101</marc:subfield>
      <marc:subfield code="d">9999</marc:subfield>
      <marc:subfield code="e">rda</marc:subfield>
   </marc:datafield>
   <marc:datafield ind1=" " ind2=" " tag="041">
      <marc:subfield code="a">ger</marc:subfield>
   </marc:datafield>
   <marc:datafield ind1=" " ind2=" " tag="044">
      <marc:subfield code="c">XA-DE-BW</marc:subfield>
   </marc:datafield>
   <marc:datafield ind1="0" ind2="4" tag="082">
      <marc:subfield code="8">1\u</marc:subfield>
      <marc:subfield code="a">371.9043</marc:subfield>
      <marc:subfield code="q">DE-101</marc:subfield>
      <marc:subfield code="2">22/ger</marc:subfield>
   </marc:datafield>
   <marc:datafield ind1="7" ind2=" " tag="083">
      <marc:subfield code="a">370</marc:subfield>
      <marc:subfield code="q">DE-101</marc:subfield>
      <marc:subfield code="2">23sdnb</marc:subfield>
   </marc:datafield>
   <marc:datafield ind1=" " ind2=" " tag="085">
      <marc:subfield code="8">1\u</marc:subfield>
      <marc:subfield code="b">371.9043</marc:subfield>
   </marc:datafield>
   <marc:datafield ind1=" " ind2=" " tag="090">
      <marc:subfield code="a">b</marc:subfield>
   </marc:datafield>
   <marc:datafield ind1="1" ind2=" " tag="100">
      <marc:subfield code="0">(DE-588)108133195X</marc:subfield>
      <marc:subfield code="0">http://d-nb.info/gnd/108133195X</marc:subfield>
      <marc:subfield code="0">(DE-101)108133195X</marc:subfield>
      <marc:subfield code="a">Goudarzi, Nicol</marc:subfield>
      <marc:subfield code="e">Verfasser</marc:subfield>
      <marc:subfield code="4">aut</marc:subfield>
   </marc:datafield>
   <marc:datafield ind1="0" ind2="0" tag="245">
      <marc:subfield code="a">Basale Aktionsgeschichten – eine Reise um die Welt</marc:subfield>
      <marc:subfield code="b">neue Erlebnisgeschichten für Menschen mit schwerer Behinderung</marc:subfield>
      <marc:subfield code="c">Nicol Goudarzi</marc:subfield>
   </marc:datafield>
   <marc:datafield ind1=" " ind2=" " tag="250">
      <marc:subfield code="a">Originalausgabe, 1. Auflage</marc:subfield>
   </marc:datafield>
   <marc:datafield ind1=" " ind2=" " tag="259">
      <marc:subfield code="a">11</marc:subfield>
   </marc:datafield>
   <marc:datafield ind1=" " ind2="1" tag="264">
      <marc:subfield code="a">Karlsruhe</marc:subfield>
      <marc:subfield code="b">Von Loeper Literaturverlag</marc:subfield>
      <marc:subfield code="c">[2017]</marc:subfield>
   </marc:datafield>
   <marc:datafield ind1=" " ind2=" " tag="300">
      <marc:subfield code="a">123 Seiten</marc:subfield>
      <marc:subfield code="b">Illustrationen</marc:subfield>
      <marc:subfield code="c">21 cm</marc:subfield>
   </marc:datafield>
   <marc:datafield ind1=" " ind2=" " tag="336">
      <marc:subfield code="a">Text</marc:subfield>
      <marc:subfield code="b">txt</marc:subfield>
      <marc:subfield code="2">rdacontent</marc:subfield>
   </marc:datafield>
   <marc:datafield ind1=" " ind2=" " tag="337">
      <marc:subfield code="a">ohne Hilfsmittel zu benutzen</marc:subfield>
      <marc:subfield code="b">n</marc:subfield>
      <marc:subfield code="2">rdamedia</marc:subfield>
   </marc:datafield>
   <marc:datafield ind1=" " ind2=" " tag="338">
      <marc:subfield code="a">Band</marc:subfield>
      <marc:subfield code="b">nc</marc:subfield>
      <marc:subfield code="2">rdacarrier</marc:subfield>
   </marc:datafield>
   <marc:datafield ind1="0" ind2=" " tag="490">
      <marc:subfield code="a">Von Loeper Fachbuch</marc:subfield>
   </marc:datafield>
   <marc:datafield ind1="0" ind2=" " tag="490">
      <marc:subfield code="a">Ja: UK!</marc:subfield>
   </marc:datafield>
   <marc:datafield ind1=" " ind2="7" tag="650">
      <marc:subfield code="0">(DE-588)4132307-5</marc:subfield>
      <marc:subfield code="0">http://d-nb.info/gnd/4132307-5</marc:subfield>
      <marc:subfield code="0">(DE-101)041323076</marc:subfield>
      <marc:subfield code="a">Erzählen</marc:subfield>
      <marc:subfield code="2">gnd</marc:subfield>
   </marc:datafield>
   <marc:datafield ind1=" " ind2="7" tag="650">
      <marc:subfield code="0">(DE-588)4128593-1</marc:subfield>
      <marc:subfield code="0">http://d-nb.info/gnd/4128593-1</marc:subfield>
      <marc:subfield code="0">(DE-101)04128593X</marc:subfield>
      <marc:subfield code="a">Erlebnispädagogik</marc:subfield>
      <marc:subfield code="2">gnd</marc:subfield>
   </marc:datafield>
   <marc:datafield ind1=" " ind2="7" tag="650">
      <marc:subfield code="0">(DE-588)4049275-8</marc:subfield>
      <marc:subfield code="0">http://d-nb.info/gnd/4049275-8</marc:subfield>
      <marc:subfield code="0">(DE-101)040492753</marc:subfield>
      <marc:subfield code="a">Reise</marc:subfield>
      <marc:subfield code="2">gnd</marc:subfield>
   </marc:datafield>
   <marc:datafield ind1=" " ind2="7" tag="650">
      <marc:subfield code="0">(DE-588)4077513-6</marc:subfield>
      <marc:subfield code="0">http://d-nb.info/gnd/4077513-6</marc:subfield>
      <marc:subfield code="0">(DE-101)040775135</marc:subfield>
      <marc:subfield code="a">Sonderpädagogik</marc:subfield>
      <marc:subfield code="2">gnd</marc:subfield>
   </marc:datafield>
   <marc:datafield ind1=" " ind2=" " tag="653">
      <marc:subfield code="a">(Produktform)Book</marc:subfield>
   </marc:datafield>
   <marc:datafield ind1=" " ind2=" " tag="653">
      <marc:subfield code="a">(Zielgruppe)Allgemein</marc:subfield>
   </marc:datafield>
   <marc:datafield ind1=" " ind2=" " tag="653">
      <marc:subfield code="a">(Zielgruppe)Ideal für die Förderung und Bildung von Menschen mit schweren Behinderungen. Besonders gut einsetzbar in inklusiven Gruppen und im gemeinsamen Unterricht. Dieses Buch richtet sich an Lehrerinnen und Lehrer, Erzieherinnen und Erzieher, Therapeutinnen und Therapeuten, Eltern und alle, die sich für die Förderungen von Menschen mit schweren Behinderungen interessieren.</marc:subfield>
   </marc:datafield>
   <marc:datafield ind1=" " ind2=" " tag="653">
      <marc:subfield code="a">Basale Aktionsgeschichten</marc:subfield>
   </marc:datafield>
   <marc:datafield ind1=" " ind2=" " tag="653">
      <marc:subfield code="a">Bildung</marc:subfield>
   </marc:datafield>
   <marc:datafield ind1=" " ind2=" " tag="653">
      <marc:subfield code="a">Gemeinsamer Unterricht</marc:subfield>
   </marc:datafield>
   <marc:datafield ind1=" " ind2=" " tag="653">
      <marc:subfield code="a">Inklusion</marc:subfield>
   </marc:datafield>
   <marc:datafield ind1=" " ind2=" " tag="653">
      <marc:subfield code="a">Kommunikationskompetenz</marc:subfield>
   </marc:datafield>
   <marc:datafield ind1=" " ind2=" " tag="653">
      <marc:subfield code="a">Menschen mit schweren Behinderungen</marc:subfield>
   </marc:datafield>
   <marc:datafield ind1=" " ind2=" " tag="653">
      <marc:subfield code="a">Menschen mit schweren Behinderungen</marc:subfield>
   </marc:datafield>
   <marc:datafield ind1=" " ind2=" " tag="653">
      <marc:subfield code="a">Unterstützte Kommunikation</marc:subfield>
   </marc:datafield>
   <marc:datafield ind1=" " ind2=" " tag="653">
      <marc:subfield code="a">Wahrnehmungsförderung</marc:subfield>
   </marc:datafield>
   <marc:datafield ind1=" " ind2=" " tag="653">
      <marc:subfield code="a">(VLB-WN)1579: Hardcover, Softcover / Pädagogik/Sonderpädagogik</marc:subfield>
   </marc:datafield>
   <marc:datafield ind1=" " ind2="7" tag="655">
      <marc:subfield code="0">(DE-588)4144384-6</marc:subfield>
      <marc:subfield code="0">http://d-nb.info/gnd/4144384-6</marc:subfield>
      <marc:subfield code="0">(DE-101)041443845</marc:subfield>
      <marc:subfield code="a">Beispielsammlung</marc:subfield>
      <marc:subfield code="2">gnd-content</marc:subfield>
   </marc:datafield>
   <marc:datafield ind1="0" ind2="0" tag="689">
      <marc:subfield code="0">(DE-588)4132307-5</marc:subfield>
      <marc:subfield code="0">http://d-nb.info/gnd/4132307-5</marc:subfield>
      <marc:subfield code="0">(DE-101)041323076</marc:subfield>
      <marc:subfield code="D">s</marc:subfield>
      <marc:subfield code="a">Erzählen</marc:subfield>
   </marc:datafield>
   <marc:datafield ind1="0" ind2="1" tag="689">
      <marc:subfield code="0">(DE-588)4128593-1</marc:subfield>
      <marc:subfield code="0">http://d-nb.info/gnd/4128593-1</marc:subfield>
      <marc:subfield code="0">(DE-101)04128593X</marc:subfield>
      <marc:subfield code="D">s</marc:subfield>
      <marc:subfield code="a">Erlebnispädagogik</marc:subfield>
   </marc:datafield>
   <marc:datafield ind1="0" ind2="2" tag="689">
      <marc:subfield code="0">(DE-588)4049275-8</marc:subfield>
      <marc:subfield code="0">http://d-nb.info/gnd/4049275-8</marc:subfield>
      <marc:subfield code="0">(DE-101)040492753</marc:subfield>
      <marc:subfield code="D">s</marc:subfield>
      <marc:subfield code="a">Reise</marc:subfield>
   </marc:datafield>
   <marc:datafield ind1="0" ind2="3" tag="689">
      <marc:subfield code="0">(DE-588)4077513-6</marc:subfield>
      <marc:subfield code="0">http://d-nb.info/gnd/4077513-6</marc:subfield>
      <marc:subfield code="0">(DE-101)040775135</marc:subfield>
      <marc:subfield code="D">s</marc:subfield>
      <marc:subfield code="a">Sonderpädagogik</marc:subfield>
   </marc:datafield>
   <marc:datafield ind1="0" ind2=" " tag="689">
      <marc:subfield code="5">DE-101</marc:subfield>
      <marc:subfield code="5">DE-101</marc:subfield>
   </marc:datafield>
   <marc:datafield ind1="2" ind2=" " tag="710">
      <marc:subfield code="0">(DE-588)106535813X</marc:subfield>
      <marc:subfield code="0">http://d-nb.info/gnd/106535813X</marc:subfield>
      <marc:subfield code="0">(DE-101)106535813X</marc:subfield>
      <marc:subfield code="a">Angelika von Loeper Literaturverlag</marc:subfield>
      <marc:subfield code="e">Verlag</marc:subfield>
      <marc:subfield code="4">pbl</marc:subfield>
   </marc:datafield>
   <marc:datafield ind1=" " ind2=" " tag="850">
      <marc:subfield code="a">DE-101a</marc:subfield>
      <marc:subfield code="a">DE-101b</marc:subfield>
   </marc:datafield>
   <marc:datafield ind1="4" ind2="2" tag="856">
      <marc:subfield code="m">B:DE-101</marc:subfield>
      <marc:subfield code="q">application/pdf</marc:subfield>
      <marc:subfield code="u">http://d-nb.info/1139208306/04</marc:subfield>
      <marc:subfield code="3">Inhaltsverzeichnis</marc:subfield>
   </marc:datafield>
   <marc:datafield ind1="r" ind2=" " tag="925">
      <marc:subfield code="a">ra</marc:subfield>
   </marc:datafield>
   <marc:datafield ind1="1" ind2=" " tag="926">
      <marc:subfield code="a">JNS</marc:subfield>
      <marc:subfield code="o">93</marc:subfield>
      <marc:subfield code="q">Publisher</marc:subfield>
      <marc:subfield code="v">1.2</marc:subfield>
      <marc:subfield code="x">Sonderpädagogik</marc:subfield>
   </marc:datafield>
   <marc:datafield ind1="2" ind2=" " tag="926">
      <marc:subfield code="a">JNT</marc:subfield>
      <marc:subfield code="o">93</marc:subfield>
      <marc:subfield code="q">Publisher</marc:subfield>
      <marc:subfield code="v">1.2</marc:subfield>
      <marc:subfield code="x">Didaktische Kompetenz und Lehrmethoden</marc:subfield>
   </marc:datafield>
   <marc:datafield ind1="2" ind2=" " tag="926">
      <marc:subfield code="a">4T</marc:subfield>
      <marc:subfield code="o">97</marc:subfield>
      <marc:subfield code="q">Publisher</marc:subfield>
      <marc:subfield code="v">1.2</marc:subfield>
      <marc:subfield code="x">für besondere pädagogische Anwendungen</marc:subfield>
   </marc:datafield>
</marc:record>
